Handbook of applied econometrics. /

Guardado en:
Otros Autores: Pesaran, M. Hashem, 1946- (Editor ), Wickens, Mike. (Editor )
Formato: Libro
Idioma:English
Publicado: Oxford, UK ; Cambridge, Mass., USA : Blackwell, 1995-
Series:Blackwell handbooks in economics
Materias:
Etiquetas: Agregar Etiqueta
Sin Etiquetas, Sea el primero en etiquetar este registro!
LEADER 02011cam a2200313 a 4500
001 EEO.eeo001057
008 941212m19951999enka###g#b####001#0#eng##
005 20150827123206.0
245 0 0 |a Handbook of applied econometrics. /  |c Edited by M. Hashem Pesaran and Michael R. Wickens. 
260 |a Oxford, UK ;  |a Cambridge, Mass., USA :  |b Blackwell,  |c 1995- 
300 |a v. <1 > :  |b il. ;  |c 26 cm. 
490 1 |a Blackwell handbooks in economics 
504 |a Incluye referencias bibliográficas e índice. 
505 1 |a [1] Macroeconomics / edited by M. Hashem Pesaran and M.R. Wickens. 
505 0 |a Unobserved components in economic time series / Maravall, Agustín -- Vector autoregressive models: specification, estimation, inference, and forecasting / Canova, Fabio -- Multivariate rational expectations models and macroeconometric modeling: a review and some new results /Binder, Michael, 1967- ; Pesaran, M. Hasehm, 1946- -- Inventory models: the estimation of euler equations / West, Kenneth D. (Kenneth David) -- The consumption function: a theoretical and empirical overview / Muellbauer, John ; Lattimore, Ralph, 1958- -- Large-scale macroeconometric modeling / Wallis, Kenneth F. (Kenneth Frank) -- The econometric analysis of calibrated macroeconomic models / Kim, K. ; Pagan, A. R. -- Macroeconometric disequilibrium models / Laroque, Guy ; Salanié, Bernard -- Financial market efficiency tests / Bollerslev, Tim, 1958- ; Hodrick, Robert J. 
020 |a 1557862087 (v. 1 : acid-free paper) 
700 1 |a Pesaran, M. Hashem,  |d 1946-  |4 edt 
700 1 |a Wickens, Mike.  |4 edt 
830 0 |a Blackwell handbooks in economics 
082 0 0 |a 330/.01/5195  |2 20 
650 7 |a Econometría.  |2 Isoc 
650 7 |a Macroeconomía.  |2 Isoc 
650 7 |a Series temporales.  |2 Isoc 
650 7 |a Función de consumo.  |2 Isoc 
650 7 |a Modelo econométrico.  |2 Isoc 
010 |a  94047425  
040 |a DLC  |c DLC  |d DLC 
050 0 0 |a HB139  |b .H35 1995 
859 |a AR-BaUEB  |b BIB. ECONOMIA - General  |h 330.015195  |i P436-1  |p e11693